000 00662nam a2200265Ia 4500
005 20260121171313.0
008 008 260114s9999 xx 000 0 eng d
020 _a9783658272364
037 _aEBOOK
040 _aCRL
040 _beng
040 _cCRL
041 _2eng
041 _aeng
084 _qCRL
100 _aJanine Romero Valenzuela
_91074573
245 0 _aNatural Resource Governance, Grievances and Conflict
260 _bSpringer
260 _bSpringer
260 _c2020
856 _uhttps://link.springer.com/openurl?genre=book&isbn=978-3-658-27236-4
942 _cEBOOK
999 _c1640303
_d1640303